skbl

Dr Suryya Kumar Bhuyan Library Web-OPAC
ডঃ সূৰ্য্য
কুমাৰ ভূঞা পুথিভঁৰাল ৱেব-অ'পেক

All Research Scholars are advised to clear the annual library fees to continue using Library Resources, Remote Access, Plagiarism Test and Library Clearance.

Cotton University Book Fair 2026

Mundukyopanishad (Record no. 61903)

MARC details
000 -LEADER
fixed length control field 00376nam a2200145Ia 4500
001 - CONTROL NUMBER
control field 60781
008 - FIXED-LENGTH DATA ELEMENTS--GENERAL INFORMATION
fixed length control field 080101n ii |||gr||||Z||||||asm
082 ## - DEWEY DECIMAL CLASSIFICATION NUMBER
Classification number 891.4323
100 ## - MAIN ENTRY--PERSONAL NAME
Personal name Vasantananda, Swami,
Relator term Author.
245 #0 - TITLE STATEMENT
Title Mundukyopanishad
Statement of responsibility, etc. by Swami Vasantananda
Medium Textual Documents
300 ## - PHYSICAL DESCRIPTION
Extent 115pg:
Dimensions 23cm.
653 ## - INDEX TERM--UNCONTROLLED
Uncontrolled term Assamese
653 ## - INDEX TERM--UNCONTROLLED
Uncontrolled term G-Assamese
942 ## - ADDED ENTRY ELEMENTS (KOHA)
Source of classification or shelving scheme Dewey Decimal Classification
Koha item type Books
Holdings
Withdrawn status Lost status Damaged status Not for loan Collection Home library Current library Shelving location Date acquired Coded location qualifier Total checkouts Full call number Barcode Date last seen Copy number Price effective from Koha item type
          Dr. Suryya Kumar Bhuyan Library Dr. Suryya Kumar Bhuyan Library   01/01/2008 00000   891.432 Sw 11 Mu 4711/As 14/01/2024 2 01/01/2008 Books
          Dr. Suryya Kumar Bhuyan Library Dr. Suryya Kumar Bhuyan Library   01/01/2008 00000   891.432 Sw 11 Mu 4707/As 14/01/2024 5 01/01/2008 Books
          Dr. Suryya Kumar Bhuyan Library Dr. Suryya Kumar Bhuyan Library   01/01/2008 00000   891.432 Sw 11 Mu 4708/AS 14/01/2024 3 01/01/2008 Books
          Dr. Suryya Kumar Bhuyan Library Dr. Suryya Kumar Bhuyan Library   01/01/2008 00000   891.432 Sw 11 Mu 4709/As 14/01/2024 4 01/01/2008 Books
          Dr. Suryya Kumar Bhuyan Library Dr. Suryya Kumar Bhuyan Library   01/01/2008 00000   891.4323 Sw 11 Mu 4710/As 14/01/2024 1 01/01/2008 Books

Designed and Maintained by Team SKBL
©1901-2026

Powered by Koha